Skład chemiczny Ziemii - Statystyki

Ogólne statystyki
  • Ten quiz został rozwiązany 2 134 razy
  • Średni wynik to 4 z 9
Statystyki odpowiedzi
Odpowiedź % Poprawnych
46.5% Tlen
90%
5% Żelazo
63%
27.72% Krzem
45%
2.09% Magnez
38%
2.59% Potas
38%
3.63% Wapń
38%
8.13% Glin
33%
2.83% Sód
33%
0.4% Tytan
9%
Nie znaleziono quizów pasujących do podanych kryteriów
Rozkład punktacji
Procent ludzi z każdym wynikiem
Percentyl według liczby udzielonych odpowiedzi
Twoja historia wyników
Nie rozwiązałeś tego quizu